El fantasma de los femenino : entre Lilith y Eva /
| Main Author: | |
|---|---|
| Format: | Libro |
| Language: | English |
MARC
| LEADER | 00000cam a2200000 a 4500 | ||
|---|---|---|---|
| 001 | 024274 | ||
| 003 | UAHC_CL | ||
| 005 | 20170803122342.0 | ||
| 008 | 030709b xx j 000 1 eng | ||
| 040 | |a UAHC_CL |c UAHC_CL |d UAHC_CL | ||
| 100 | 1 | |a Bello Quiroz, Antonio | |
| 245 | 1 | 3 | |a El fantasma de los femenino : |b entre Lilith y Eva / |c Antonio Bello Quiroz. |
| 300 | |a p. 16 | ||
| 500 | |a En: Actualidad psicológica (Chile). -- Año I. no. 7 | ||
| 900 | |a ACTUALIDAD PSICOLOGICA-07/02 | ||
| 942 | |c BK | ||
| 999 | |c 24274 |d 24274 | ||